00303nam a22001217a 4500003000400000005001700004008004100021020001500062040000600077082002100083245006000104300001700164OSt20170105102929.0131218b xxu||||| |||| 00| 0 eng d a9693507029 a1 a954.91bSTU 1996 aStudies in Pakistan Popular CulturecWilliam L. Hanaway a615 p:b24cm